000
00379nam a2200145Ia 4500
008
090122s9999 xx 000 0 und d
082
_b
7944
_a
920.71
100
_a
मोने
_b
उत्तरा
245
_a
कृतार्थ
600
_a
मोने
630
_a
कृतार्थ
700
_a
मोने
730
_a
कृतार्थ
942
_c
BOOK
999
_c
32021
_d
32021